|
|
|
|
| LEADER |
00745nab a2200193 i 4500 |
| 001 |
misc73869 |
| 005 |
20241129093123.0 |
| 008 |
231221s1955 hu o 000 eng d |
| 040 |
|
|
|a SZTE Miscellanea Repozitórium
|b hun
|
| 041 |
|
|
|a eng
|
| 100 |
1 |
|
|a Middlebrook Mavis
|
| 245 |
1 |
4 |
|a The action of iodide on oxidative phosphorylation
|h [elektronikus dokumentum] /
|c Middlebrook Mavis
|
| 260 |
|
|
|a Elsevier
|b Amsterdam, London, Houston, New York
|c 1955
|
| 300 |
|
|
|a 407-410
|
| 490 |
0 |
|
|a Biochimica et Biophysica Acta
|v 18
|
| 561 |
|
|
|a Szent-Györgyi Albert tudományos és egyéb írásai
|
| 695 |
|
|
|a Oxidatív foszforiláció
|
| 700 |
0 |
2 |
|a Szent-Györgyi Albert
|e aut
|
| 856 |
4 |
0 |
|u http://misc.bibl.u-szeged.hu/73869/1/szgya_magyar_244.pdf
|z Dokumentum-elérés
|